Kto wykonał tę piosenkę z lat 2010? #2 - Statystyki

Ogólne statystyki
  • Ten quiz został rozwiązany 1 200 razy
  • Średni wynik to 11 z 20
Statystyki odpowiedzi
Rok Piosenka Wykonawca % Poprawnych
2017 Miłość w Zakopanem Sławomir
94%
2013 My Słowianie Cleo / Donatan
90%
2012 Gangnam Style Psy
85%
2015 Hello Adele
81%
2014 Shake it Off Taylor Swift
80%
2017 Despacito Luis Fonsi
71%
2015 Sorry Justin Bieber
68%
2013 Wake Me Up Avicii
67%
2015 See You Again Wiz Khalifa / Charlie Puth
66%
2019 7 Rings Ariana Grande
63%
2012 Starships Nicki Minaj
60%
2016 Cheap Thrills Sia
58%
2010 Just the Way You Are Bruno Mars
43%
2014 All About That Bass Meghan Trainor
43%
2012 Koko Euro Spoko Jarzębina
39%
2019 Circles Post Malone
38%
2018 Lucid Dreams Juice Wrld
36%
2012 Stronger (What Doesn't Kill You) Kelly Clarkson
33%
2013 Blurred Lines Robin Thicke
23%
2010 OMG Usher
9%
Nie znaleziono quizów pasujących do podanych kryteriów
Rozkład punktacji
Procent ludzi z każdym wynikiem
Percentyl według liczby udzielonych odpowiedzi
Twoja historia wyników
Nie rozwiązałeś tego quizu